000
00348nam a2200133Ia 4500
008
151001s9999||||xx |||||||||||||| ||und||
100
_a
दुर्गा - भागवत
245
_a
"सत्य,शिवं,सुंदरम"
250
_a
1
260
_b
वरदा बुक्स
260
_c
1978
300
_a
87
365
_b
17
999
_c
960402
_d
960399